=LDR 00000nam 2200000 4500 =001 NUTBA000000000000725 =005 20140329111241.0 =006 =007 =008 =020 ##$$a 978-602-8023-21-4 =035 ##$$a 0010-031400000000724 =040 ##$$a NBPDMAT =082 ##$$a 372.3 =090 ##$$a 372.3 Dha e =100 ##$$a Dharma, Lala Herawati =245 ##$$a Energi yang membara : ensiklopedi proek festival sains dasar 1 / Lala Herawati Dharma =260 ##$$a Bandung : Nuansa, 2008 =300 ##$$a 80 hlm : ilus; 30 cm =650 ##$$a Energi =850 ##$$a NBPDMAT =990 ##$$a 92129/BPAP-NTB/2014